Familiar quotations; : (Record no. 18651)
[ view plain ]
| 000 -CABECERA | |
|---|---|
| campo de control de longitud fija | 00880cam a22002411 4500 |
| 001 - NÚMERO DE CONTROL | |
| campo de control | 000019133 |
| 005 - FECHA Y HORA DE LA ÚLTIMA TRANSACCIÓN | |
| campo de control | 20200929165930.0 |
| 008 - DATOS DE LONGITUD FIJA--INFORMACIÓN GENERAL | |
| campo de control de longitud fija | 741015s1948 xx 000 0 eng |
| 010 ## - NÚMERO DE CONTROL DE LA BIBLIOTECA DEL CONGRESO | |
| Número de control de LC | 48010657 |
| 035 ## - NÚMERO DE CONTROL DEL SISTEMA | |
| Número de control de sistema | (OCoLC)1040990 |
| 040 ## - FUENTE DE LA CATALOGACIÓN | |
| Centro catalogador/agencia de origen | DO-SdBNP |
| Centro/agencia transcriptor | OClW |
| Centro/agencia modificador | OCoLC |
| -- | DLC |
| 042 ## - CÓDIGO DE AUTENTICACIÓN | |
| Código de autenticación | premarc |
| 050 00 - SIGNATURA TOPOGRÁFICA DE LA BIBLIOTECA DEL CONGRESO | |
| Número de clasificación | PN6081 |
| Número de documento/Ítem | .B27 1948 |
| 082 ## - NÚMERO DE LA CLASIFICACIÓN DECIMAL DEWEY | |
| Número de clasificación | 808.8 |
| 100 1# - ENTRADA PRINCIPAL--NOMBRE DE PERSONA | |
| Nombre de persona | Bartlett, John, |
| Fechas asociadas al nombre | 1820-1905, |
| Término indicativo de función/relación | comp. |
| 9 (RLIN) | 41163 |
| 245 10 - MENCIÓN DE TÍTULO | |
| Título | Familiar quotations; : |
| Resto del título | a collection of passages, phrases, and proverbs, traced to their sources in ancient and modern literature. / |
| Mención de responsabilidad, etc. | Christopher Morley, editor, Louella D. Everett, associate editor. |
| 250 ## - MENCIÓN DE EDICIÓN | |
| Mención de edición | 12th ed., rev. and enl. |
| 260 ## - PUBLICACIÓN, DISTRIBUCIÓN, ETC. | |
| Lugar de publicación, distribución, etc. | Boston, : |
| Nombre del editor, distribuidor, etc. | Little, Brown, |
| Fecha de publicación, distribución, etc. | 1948. |
| 300 ## - DESCRIPCIÓN FÍSICA | |
| Extensión | xlii, 1831 p. ; |
| Dimensiones | 25 cm. |
| 650 #0 - PUNTO DE ACCESO ADICIONAL DE MATERIA--TÉRMINO DE MATERIA | |
| Término de materia o nombre geográfico como elemento de entrada | Quotations. |
| 9 (RLIN) | 41164 |
| 700 1# - PUNTO DE ACCESO ADICIONAL--NOMBRE DE PERSONA | |
| Nombre de persona | Morley, Christopher, |
| Fechas asociadas al nombre | 1890-1957, |
| Término indicativo de función/relación | ed. |
| 9 (RLIN) | 4277 |
| 910 ## - DATOS DE OPCIÓN DEL USUARIO (OCLC) | |
| Datos de opción del usuario | Catalogación derivada / LC |
| Estado de retiro | Estado de pérdida | Restricciones de uso | No para préstamo | Código de colección | Localización permanente | Ubicación/localización actual | Ubicación en estantería | Fecha de adquisición | Número de inventario | Total de préstamos | Signatura topográfica completa | Código de barras | Fecha visto por última vez | Precio válido a partir de | Tipo de ítem Koha |
|---|---|---|---|---|---|---|---|---|---|---|---|---|---|---|---|
| Excluido de préstamo | Monografías: Libros y Folletos | General | General | En catalogación | 26.05.2010 | LF1 | 808.8 | 19133-10 | 25.06.2020 | 25.06.2020 | No se presta |
